00456nam a2200181 a 4500001001300000003000900013005001700022008004100039020001000080082001800090100002800108245002200136260003200158500003500190505001000225650001100235700002800246nice12345678IN_TiNIC20260116011531.0050524s1879 lona grp 000 0 per  ac10000a297.1247bMOO aMoosvi, Syed Mohd Mahdi aKhulasatul Akhbar aLondon bNo Publisherc1879 aincludes index and biblioraphy2 aIndex aHadith1 aMoosvi, Syed Mohd Mahdi